Normal view
MARC view
- Biblia.
Entry Uniform Title
001 - CONTROL NUMBER
- control field: 56898
003 - CONTROL NUMBER IDENTIFIER
- control field:
005 - DATE AND TIME OF LATEST TRANSACTION
- control field: 20180504144641.0
008 - FIXED-LENGTH DATA ELEMENTS
- fixed length control field: 180504|| aca||aabn | a|a d
040 ## - CATALOGING SOURCE
- Original cataloging agency:
- Transcribing agency:
130 ## - HEADING--UNIFORM TITLE
- Uniform title: Biblia.
- Name of part/section of a work: V.T.
- Name of part/section of a work: Lamentationes
- General subdivision: Commenti italiano.
670 ## - SOURCE DATA FOUND
- Source citation: Work cat.: ()0: Geremia, Lamentazioni /, ©2017.